[Event "IECG WC.2004.P.00004 email"]
[Site "IECG email"]
[Date "2001.01.22"]
[Round "?"]
[White "Loschnauer, Rudiger"]
[Black "Zeh, Jens"]
[Result "1-0"]
[WhiteElo "2146"]
[BlackElo "1508"]
[PlyCount "55"]
[EventDate "2001.01.22"]
[EventType "tourn (corr)"]
[EventRounds "8"]
[SourceTitle "Corr 2008"]
[Source "ChessBase"]
[SourceDate "2008.06.24"]
[SourceVersion "1"]
[SourceVersionDate "2008.06.24"]
[SourceQuality "1"]

1. c4 f5 2. Nf3 Nf6 3. g3 g6 4. Bg2 Bg7 5. d4 0-0 6. 0-0 d6 7. Nc3 Qe8 8. Qb3 Na6 9. Rd1 c6 10. Qa3 Ne4 11. Ng5 Nxc3 12. bxc3 h6 13. Nf3 b6 14. Rb1 Bb7 15. Nh4 g5 16. Nf3 Rf7 17. d5 e5 18. Nxg5 hxg5 19. dxc6 Bc8 20. Bd5 Nc5 21. Bxf7+ Qxf7 22. Rxb6 Qc7 23. Rb2 f4 24. Qb4 Ba6 25. Rd5 Qxc6 26. Rbd2 fxg3 27. hxg3 Ne4 28. c5 1-0

[Event "IECG WC.2004.P.00004 email"]
[Site "IECG email"]
[Date "2001.01.22"]
[Round "?"]
[White "Ruff, Sergey"]
[Black "Loschnauer, Rudiger"]
[Result "0-1"]
[WhiteElo "1821"]
[BlackElo "2146"]
[PlyCount "26"]
[EventDate "2001.01.22"]
[EventType "tourn (corr)"]
[EventRounds "8"]
[SourceTitle "Corr 2008"]
[Source "ChessBase"]
[SourceDate "2008.06.24"]
[SourceVersion "1"]
[SourceVersionDate "2008.06.24"]
[SourceQuality "1"]

1. e4 e6 2. d4 d5 3. Nc3 Bb4 4. e5 c5 5. a3 Ba5 6. b4 cxd4 7. Qg4 Ne7 8. bxa5 dxc3 9. Qxg7 Rg8 10. Qxh7 Nbc6 11. Nf3 Qc7 12. Bf4 Bd7 13. Bd3 0-0-0 0-1

[Event "IECG WC.2004.P.00004 email"]
[Site "IECG email"]
[Date "2000.01.22"]
[Round "?"]
[White "Jakobsons, Andris"]
[Black "Loschnauer, Rudiger"]
[Result "1/2-1/2"]
[WhiteElo "1948"]
[BlackElo "2146"]
[PlyCount "59"]
[EventDate "2001.01.22"]
[EventType "tourn (corr)"]
[EventRounds "8"]
[SourceTitle "Corr 2008"]
[Source "ChessBase"]
[SourceDate "2008.06.24"]
[SourceVersion "1"]
[SourceVersionDate "2008.06.24"]
[SourceQuality "1"]

1. e4 e6 2. d4 d5 3. Nc3 Bb4 4. e5 c5 5. a3 Ba5 6. b4 cxb4 7. Nb5 Nc6 8. axb4 Bxb4+ 9. c3 Be7 10. Ba3 Nh6 11. Bxe7 Qxe7 12. Nd6+ Kf8 13. Bb5 f6 14. Bxc6 bxc6 15. Qa4 Bd7 16. Qa6 fxe5 17. Qb7 Rd8 18. dxe5 Qg5 19. Ne2 Qxe5 20. Qb4 Kg8 21. Rxa7 Qf6 22. Rc7 Nf7 23. Nb7 Rb8 24. 0-0 Bc8 25. Nd4 Nd8 26. Qd6 Nxb7 27. Qxc6 Nd8 28. Rxc8 Rxc8 29. Qxc8 Kf7 30. Qc7+ 1/2-1/2

[Event "IECC TH-T email"]
[Site "IECC email"]
[Date "1999.11.11"]
[Round "?"]
[White "Loschnauer, Rudiger"]
[Black "Olsson, Peter"]
[Result "1-0"]
[WhiteElo "1946"]
[BlackElo "1687"]
[PlyCount "67"]
[EventDate "1999.??.??"]
[EventType "match (corr)"]
[EventRounds "2"]
[SourceTitle "Corr 2008"]
[Source "ChessBase"]
[SourceDate "2008.06.24"]
[SourceVersion "1"]
[SourceVersionDate "2008.06.24"]
[SourceQuality "1"]

1. e4 e6 2. d4 d5 3. Nc3 Bb4 4. a3 Bxc3+ 5. bxc3 dxe4 6. f3 Nf6 7. fxe4 Nxe4 8. Qg4 Nf6 9. Qxg7 Rg8 10. Qh6 Nbd7 11. Nf3 Rg6 12. Qe3 b6 13. Ne5 Nxe5 14. dxe5 Ng4 15. Qg3 f5 16. exf6 Qxf6 17. Be2 Nf2 18. Bb5+ Bd7 19. Bxd7+ Kxd7 20. Qxf2 Qxc3+ 21. Qd2+ Qxd2+ 22. Bxd2 Rxg2 23. 0-0-0 Kc6 24. Rhe1 Rxh2 25. Rxe6+ Kb5 26. Bf4 Rh3 27. Bxc7 Rxa3 28. Rd5+ Ka6 29. Rh5 Rc8 30. Rxh7 Rf3 31. Kb2 Rg8 32. Bh2 Rg4 33. Bb8 Rb4+ 34. Kc1 1-0

[Event "IECC KO email"]
[Site "IECC email"]
[Date "1999.03.06"]
[Round "?"]
[White "Lalonde, Michel"]
[Black "Loschnauer, Rudiger"]
[Result "0-1"]
[WhiteElo "1674"]
[BlackElo "1911"]
[PlyCount "78"]
[EventDate "1999.??.??"]
[EventType "tourn (corr)"]
[EventRounds "6"]
[SourceTitle "Corr 2008"]
[Source "ChessBase"]
[SourceDate "2008.06.24"]
[SourceVersion "1"]
[SourceVersionDate "2008.06.24"]
[SourceQuality "1"]

1. e4 e6 2. d4 d5 3. e5 c5 4. c3 Qb6 5. Nf3 Bd7 6. Be2 Bb5 7. 0-0 Bxe2 8. Qxe2 Qa6 9. Qxa6 Nxa6 10. Bg5 Be7 11. Be3 Rc8 12. Nbd2 cxd4 13. cxd4 Bd8 14. Rfc1 Rxc1+ 15. Rxc1 Ne7 16. Nb3 Nc6 17. a3 f6 18. exf6 gxf6 19. Bh6 Rg8 20. Bf4 Kd7 21. Re1 Be7 22. Nc1 Bd6 23. Nd3 Nc7 24. a4 Na6 25. Bxd6 Kxd6 26. h3 Nab4 27. Nxb4 Nxb4 28. Re3 Nc6 29. Rb3 Rg7 30. Rd3 e5 31. Rd2 Nxd4 32. Nxd4 exd4 33. Rxd4 Ke5 34. Rd1 d4 35. Kf1 Ke4 36. f3+ Ke3 37. Re1+ Kd2 38. Re6 d3 39. Re8 Rc7 0-1

[Event "IECC KO email"]
[Site "IECC email"]
[Date "1999.03.06"]
[Round "?"]
[White "Loschnauer, Rudiger"]
[Black "Lalonde, Michel"]
[Result "1-0"]
[WhiteElo "1905"]
[BlackElo "1675"]
[PlyCount "59"]
[EventDate "1999.??.??"]
[EventType "tourn (corr)"]
[EventRounds "6"]
[SourceTitle "Corr 2008"]
[Source "ChessBase"]
[SourceDate "2008.06.24"]
[SourceVersion "1"]
[SourceVersionDate "2008.06.24"]
[SourceQuality "1"]

1. c4 c6 2. Nf3 d5 3. d4 Nf6 4. Nc3 Bg4 5. Ne5 Bf5 6. cxd5 cxd5 7. e4 Nxe4 8. Nxe4 dxe4 9. Qb3 Be6 10. Qxb7 Nd7 11. Nc6 Qc8 12. Ba6 Nb6 13. Bf4 g5 14. Be5 f6 15. Bb8 Qd7 16. Bxa7 Bd5 17. Qxb6 Bxc6 18. Rc1 Kf7 19. Rxc6 Qxa7 20. Qc5 Qxc5 21. dxc5 e6 22. Bc4 Re8 23. 0-0 f5 24. Rd1 h5 25. Rd7+ Kf6 26. b4 Rg8 27. b5 Rg7 28. Rxg7 Bxg7 29. b6 Ke5 30. b7 1-0